Vztahy Bosny a Hercegoviny a Evropské unie

Angažovanosť Európskej únie v Bosne a Hercegovine. Daytonská mierová zmluva a rozmiestnenie vojenských síl IFOR pre nastolenie mieru. Prítomnosť Úradu vysokého predstaviteľa v krajine. Vývoj integračného procesu Bosny a Hercegoviny do Európskej únie. Jednania o Stabilizačnej a asociačnej dohode. Pre...

Ausführliche Beschreibung

Gespeichert in:
Bibliographische Detailangaben
1. Verfasser: Kasum, Damir
Format: Buchkapitel
Sprache:Tschechisch
Schlagworte:
Tags: Tag hinzufügen
Keine Tags, Fügen Sie das erste Tag hinzu!

MARC

LEADER 00000naa$a2200000$$$4500
001 0052239
005 20231016092447.7
041 0 |a cze 
044 |a CZ 
245 1 0 |a Vztahy Bosny a Hercegoviny a Evropské unie  |c Damir Kasum 
520 |a Angažovanosť Európskej únie v Bosne a Hercegovine. Daytonská mierová zmluva a rozmiestnenie vojenských síl IFOR pre nastolenie mieru. Prítomnosť Úradu vysokého predstaviteľa v krajine. Vývoj integračného procesu Bosny a Hercegoviny do Európskej únie. Jednania o Stabilizačnej a asociačnej dohode. Prekážky integrácie. Pozitívny prístup obyvateľstva k integračným snahám. 
610 2 0 |a Európska únia 
610 2 0 |a integrácia 
610 2 0 |a spolupráca hospodárska medzinárodná 
610 2 0 |a stabilizácia hospodárstva 
610 2 0 |a demokracia 
610 2 0 |a reformy 
610 2 0 |a moc politická 
610 2 0 |a mienka verejná 
610 2 0 |a Bosna a Hercegovina 
100 1 |a Kasum, Damir